| Tag |
First Indicator |
Second Indicator |
Subfields |
| LEADER |
00000pam a2200000 a 4500 |
| 001 |
in00000049907 |
| 005 |
20151007075903.0 |
| 008 |
800725s1980 nyub j b 00110bengm |
| 010 |
|
|
|a 80020067
|
| 020 |
|
|
|a 0688222501
|
| 020 |
|
|
|a 0688322506 (lib. bdg.)
|
| 035 |
|
|
|a (OCoLC)06625960
|
| 035 |
|
|
|9 AAF3952AM
|
| 040 |
|
|
|a DLC
|c DLC
|d m.c.
|d TXA
|d UtOrBLW
|
| 049 |
|
|
|a [Curr Col] TXAM
|c [388439]
|
| 050 |
0 |
0 |
|a HQ1615 T7
|b S36
|
| 082 |
0 |
|
|a 305.4/2/0924
|a B
|a 92
|2 19
|
| 100 |
1 |
|
|a Schneider, Joyce Anne.
|
| 245 |
1 |
0 |
|a Flora Tristan :
|b feminist, Socialist, and free spirit /
|c Joyce Anne Schneider.
|
| 264 |
|
1 |
|a New York :
|b Morrow,
|c 1980.
|
| 300 |
|
|
|a 255 pages :
|b map ;
|c 22 cm.
|
| 336 |
|
|
|a text
|b txt
|2 rdacontent
|
| 337 |
|
|
|a unmediated
|b n
|2 rdamedia
|
| 338 |
|
|
|a volume
|b nc
|2 rdacarrier
|
| 500 |
|
|
|a Includes index.
|
| 504 |
|
|
|a Bibliography: pages 250-252.
|
| 520 |
|
|
|a A biography of the grandmother of French painter Paul Gauguin whose tempestuous life and advocacy of revolutionary ideas earned her the attention of 19th-century Europe.
|
| 600 |
1 |
0 |
|a Tristan, Flora,
|d 1803-1844
|x Juvenile literature.
|
| 600 |
1 |
1 |
|a Tristan, Flora,
|d 1803-1844.
|
| 650 |
|
0 |
|a Feminists
|z France
|v Biography
|x Juvenile literature.
|
| 650 |
|
0 |
|a Socialists
|z France
|v Biography
|x Juvenile literature.
|
| 650 |
|
1 |
|a Feminists.
|
| 650 |
|
1 |
|a Socialists.
|
| 999 |
|
|
|a MARS
|
| 999 |
f |
f |
|s b4a2c62f-d418-30dc-9233-20586b0ac73a
|i 4dfcc2f7-d2e0-3765-bd68-0226c61416c0
|t 0
|
| 952 |
f |
f |
|p ric
|a Texas A&M University
|b Rellis Campus
|c Joint Library Facility
|d Remote Storage
|t 0
|e HQ1615 T7 S36
|h Library of Congress classification
|i unmediated -- volume
|m A14805939609
|
| 998 |
f |
f |
|a HQ1615 T7 S36
|t 0
|l Remote Storage
|